Axis Leaders of World War II - Statistics

General Stats
  • This quiz has been taken 20 times
  • The average score is 9 of 18
Answer Stats
Country Years Leader % Correct
Germany 1933 – 1945 Adolf Hitler
100%
Italy (Prime Minister) 1922 – 1943 Benito Mussolini
95%
Japan (Emperor) 1926 – 1989 Hirohito
85%
Vichy France 1940 – 1944 Philippe Pétain
65%
Japan (Prime Minister) 1941 – 1944 Hideki Tojo
60%
Norway 1942 – 1945 Vidkun Quisling
60%
Germany 1945 Karl Dönitz
55%
Germany 1945 Joseph Goebbels
50%
Italy (King) 1900 – 1946 Victor Emmanuel III
50%
Slovak Republic 1939 – 1945 Jozef Tiso
45%
Hungary 1920 – 1944 Miklós Horthy
45%
Bulgaria 1918 – 1943 Boris III
35%
Manchukuo 1932 – 1945 Puyi
35%
Romania (King) 1940 – 1947 Michael I
30%
Romania (Prime Minister) 1940 – 1944 Ion Antonescu
25%
Finland 1940 – 1944 Risto Ryti
15%
Japan (Prime Minister) 1944 – 1945 Kantarō Suzuki
10%
Japan (Prime Minister) 1940 – 1941 Fumimaro Konoe
5%
No matching quizzes found
Score Distribution
Percent of People with Each Score
Percentile by Number Answered
Your Score History
You have not taken this quiz